000
00283nam a22001337a 4500
008
180905b xxu||||| |||| 00| 0 eng d
020
_a
0838590101
041
_a
eng
080
_2
3 ED
_a
159.9
100
_a
48
101
_a
PSI
245
_a
Trauma
_c
Felicano.m
942
_2
udc
_c
BK
999
_c
47544
_d
47544